Największe polskie miasta zawierające literę O - Statystyki

Ogólne statystyki
  • Ten quiz został rozwiązany 36 razy
  • Średni wynik to 13 z 15
Statystyki odpowiedzi
Województwo Populacja Miasto % Poprawnych
Wielkopolskie 540 146 Poznań
97%
Dolnośląskie 674 132 Wrocław
97%
Opolskie 126 300 Opole
94%
Podlaskie 292 058 Białystok
89%
Kujawsko-pomorskie 328 370 Bydgoszcz
89%
Śląskie 279 119 Katowice
89%
Warmińsko-mazurskie 167 844 Olsztyn
89%
Kujawsko-pomorskie 195 263 Toruń
89%
Lubuskie 115 847 Gorzów Wielkopolski
80%
Lubuskie 139 132 Zielona Góra
80%
Mazowieckie 196 918 Radom
77%
Śląskie 188 151 Sosnowiec
77%
Śląskie 166 189 Bielsko-Biała
74%
Śląskie 207 117 Częstochowa
74%
Śląskie 148 687 Bytom
63%
Nie znaleziono quizów pasujących do podanych kryteriów
Rozkład punktacji
Procent ludzi z każdym wynikiem
Percentyl według liczby udzielonych odpowiedzi
Twoja historia wyników
Nie rozwiązałeś tego quizu